zpět

Detail výsledku týmu

U Dalka, Ratíškovice

Datum a čas kvízu

37 Celkem bodů Celkový počet nahraných bodů na tomto kvízu bez doplňovacích otázek.
1. Pořadí na kvízu Konečné umístění týmu na tomto kvízu.

Zaznamenané odpovědi

# Otázka Odpověď Body Výsledky
1. Prorektor Univerzity Karlovy ú... Aleš Gerloch 1
2. Prezident Kazachstánu, který b... Nursultan Nazarbajev 1
3. Osmaosmdesátiletý hollywoodský... Pašerák (The Mule) 1
4. Novou odrůdu meruněk jménem So... šarka 0
5. Obhájce hokejového titulu Kome... Martin Zaťovič 1
6. Dnešní cestovatelské téma se b... Córdoba 1
7. Terminál letiště a mnoho další... Pablo Picasso 1
8. Když si vzpomenete na jednu zn... Malagelo 1
9. Nad městem Granada se vypíná h... Alhambra 0
10. Na obrázku vidíte radnici v př... Juan Carlos I. 1